| 000 | 00844nam a2200217 a 4500 | ||
|---|---|---|---|
| 001 | 000341398 | ||
| 003 | AM-YeHGA | ||
| 005 | 20250618072129.0 | ||
| 008 | 040608s2003 ai ac|||r|||||||||1|arm|d | ||
| 020 | _a9993064777 | ||
| 040 | _aAM-YeHGA | ||
| 041 | 0 | _aarm | |
| 100 | 1 |
_aԱվագյան, Արևշատ Խոսրովի, _d1940- _9970 |
|
| 245 | 1 | 0 |
_aՀանգրվաններ : _b[Բանաստեղծությունների ընտրանի] / _cԱ. Ավագյան ; Խմբ. և կազմ.՝ Վ. Ալեքսանյան. |
| 260 |
_aԵրևան : _bՆոր-Դար, _c2003. |
||
| 300 |
_a459 էջ : _b1 թ. դիմանկ., նկ. ; _c20 սմ. |
||
| 650 | 1 | 4 |
_aՀայ գրականություն _xՊոեզիա |
| 700 | 1 |
_aԱլեքսանյան, Վառլեն Գուրգենի, _d1942-2015 _eխմբ. _4edt _eկազմ. _4com _980 |
|
| 942 |
_2udc _cBK |
||
| 090 | _c130940 | ||
| 999 |
_c129576 _d129576 |
||